01623cam a2200433 i 450000100090000000300040000900500170001300800410003001000170007102000150008802000240010302000240012703500240015104000630017504200140023805000210025208200170027310000360029024500860032625000190041226400560043130000530048733600260054033700280056633800270059450400510062165000170067265000170068965000300070665000250073665000430076165000430080465000560084765000510090390600450095494200400099995201330103999900170117219519833OSt20231205153632.0170223s2016 enkab b 001 0 eng d a 2016498896 a1138188794 a9781138188792 (pbk) z9781315642086 (ebk) a(OCoLC)ocn921864248 aYDXCPbengcYDXCPdBTCTAdBDXdOCLCQdORCdOCLCFdDLCerda alccopycat00aCC165b.F24 201600a930.1bFAG/A1 aFagan, Brian M.eauthor.91004910aAncient lives :ban introduction to archaeology and prehistory /cBrian M. Fagan. aSixth edition. 1aLondon :bRoutledge, Taylor & Francis Group,c2016. axxvii, 558 pages :billustrations, maps ;c26 cm atextbtxt2rdacontent aunmediatedbn2rdamedia avolumebnc2rdacarrier aIncludes bibliographical references and index. 0aArchaeology. 0aAntiquities. 0aExcavations (Archaeology) 0aPrehistoric peoples. 7aAntiquities.2fast0(OCoLC)fst00810745 7aArchaeology.2fast0(OCoLC)fst00812938 7aExcavations (Archaeology)2fast0(OCoLC)fst00917564 7aPrehistoric peoples.2fast0(OCoLC)fst01075242 a7bcbcccopycatd2encipf20gy-gencatlg 2ddccBKh930.1iFAG/Ak930.1mFAG/A 00102ddc40708HISTORYaMESbMEScHISd2023-12-05l0o930.1 FAG/Ap43974r2023-12-05 15:37:02v1095.00w2023-12-05yBKzGL43R1 c43793d43793